En torno al método de los juristas romanos.
Uloženo v:
| Hlavní autor: | |
|---|---|
| Další autoři: | |
| Médium: | Kniha |
| Vydáno: |
Valladolid, España:
Universidad de Valladolid, Publicaciones de los Seminarios de la Facultad de Derecho,
1964.
|
| Témata: | |
| Tagy: |
Přidat tag
Žádné tagy, Buďte první, kdo vytvoří štítek k tomuto záznamu!
|
MARC
| LEADER | 00000nam a22000007a 4500 | ||
|---|---|---|---|
| 003 | CL-VaPUC | ||
| 005 | 20220822114556.0 | ||
| 008 | 220708t1964 ||||| |||| 00| 0 eng d | ||
| 999 | |c 436844 |d 436842 | ||
| 040 | |c Pontificia Universidad Católica de Valparaíso | ||
| 082 | 7 | |a 340.54 KAS 1964 |2 22 | |
| 100 | |a Kaser, Max |e autor |9 402493 | ||
| 245 | 1 | 0 | |a En torno al método de los juristas romanos. |
| 260 | |a Valladolid, España: |b Universidad de Valladolid, |b Publicaciones de los Seminarios de la Facultad de Derecho, |c 1964. | ||
| 300 | |a 55 páginas. | ||
| 500 | |a c.1 Donación Familia Prof. Alejandro Guzmán Brito. | ||
| 583 | |a last modification |c 20111004 09:56:03 |k Cristina María Rojas Aguilar | ||
| 650 | 0 | |a Derecho romano |9 255930 | |
| 700 | |a Miquel, Juan |e traducción |9 872488 | ||
| 942 | |c BK |2 ddc |n 0 | ||
| 952 | |0 0 |1 0 |2 ddc |4 0 |6 340_540000000000000_KAS_1964 |7 0 |8 C_AGB |9 584571 |a BIBDER |b BIBDER |d 2022-07-08 |e Donación |i 5652704 |o 340.54 KAS 1964 |p 5652704 |r 2023-01-25 |t 1 |w 2022-07-08 |y BK_US |k AGB | ||